[Event "Challenge"]
[Site "http://www.queenalice.com/game.php?id=1816446"]
[Date "2023.7.15"]
[Round "-"]
[White "Renie"]
[Black "Charles56"]
[Result "1-0"]
[WhiteElo "1544"]
[BlackElo "1662"]

1. c4 e5 2. Nc3 Nf6 3. d3 Bb4 4. Bd2 a6 5. Nf3 d6 6. g3 h6 7. Bg2 Ba5 8. Qa4+
Nc6 9. O-O Bd7 10. Ne1 Bb6 11. Qb3 Nd4 12. Qd1 Bg4 13. f3 Be6 14. f4 exf4 15.
Bxf4 Nxe2+ 16. Kh1 Nxf4 17. Bxb7 Ra7 18. Bc6+ Bd7 19. Bf3 Ng6 20. Qe2+ Ne7 21.
Ne4 Bc6 22. Nxf6+ gxf6 23. Bxc6+ Kf8 24. Bg2 Qd7 25. Rxf6 Bd4 26. Rf4 Ng6 27.
Rf1 c5 28. Rf3 f6 29. Rb1 Kg7 30. b3 h5 31. Qf1 Rf8 32. Nc2 Qf7 33. Nxd4 cxd4
34. Rb2 Ne5 35. Rf4 Qg6 36. Rbf2 Nxd3 37. Be4 Nxf2+ 38. Qxf2 Qg5 39. Qxd4 Rd7
40. Bf5 Rdd8 41. Be4 Kh6 42. Qf2 Rd7 43. Bc6 Rc7 44. Bd5 Re7 45. Kg2 Kg7 46. h4
Qg6 47. c5 dxc5 48. Qxc5 Re2+ 49. Kh3 f5 50. Qc7+ Kh6 51. a4 Re3 52. Rb4 Rf6 53.
Qf4+ Kh7 54. Rb7+ Kh8 55. Qb8+ Re8 56. Qa7 Qg4+ 57. Kg2 Rg6 58. Rh7# 1-0

[Event "Challenge"]
[Site "http://www.queenalice.com/game.php?id=1817056"]
[Date "2023.7.24"]
[Round "-"]
[White "Renie"]
[Black "dejami"]
[Result "0-1"]
[WhiteElo "1544"]
[BlackElo "1730"]

1. c4 e5 2. Nc3 c6 3. a3 Qf6 4. Ne4 Qe6 5. c5 Na6 6. b4 h6 7. Nf3 f5 8. Nd6+
Bxd6 9. cxd6 Qxd6 10. Bb2 e4 11. Nd4 Ne7 12. e3 h5 13. g3 Nc7 14. Bc4 b5 15. Be2
Rh7 16. O-O g5 17. Bc3 h4 18. Qb3 g4 19. Qg8+ Nxg8 20. d3 Ne7 21. Rfc1 Qg6 22.
a4 Qh5 23. axb5 hxg3 24. fxg3 Qxh2+ 25. Kf1 Qh1+ 0-1

[Event "Challenge"]
[Site "http://www.queenalice.com/game.php?id=1817600"]
[Date "2023.7.30"]
[Round "-"]
[White "Renie"]
[Black "marreta7"]
[Result "0-1"]
[WhiteElo "1535"]
[BlackElo "1599"]

1. c4 e5 2. Nc3 a6 3. a3 Bc5 4. e3 d6 5. Nge2 Nc6 6. b4 Ba7 7. g3 h6 8. Bg2 Nge7
9. Bb2 O-O 10. Nd5 Nxd5 11. Bxd5 Bd7 12. O-O Bh3 13. Re1 Qd7 14. Rc1 Rab8 15. c5
Qf5 16. d4 Ne7 17. Nc3 Nxd5 18. Nxd5 Qe4 19. f3 Qxd5 20. e4 Qe6 21. d5 Qg6 22.
Kh1 f5 23. Qc2 fxe4 24. fxe4 Rf3 25. cxd6 cxd6 26. Qc7 Rf2 27. Ba1 Bg2+ 28. Kg1
Rc2+ 0-1

[Event "Challenge"]
[Site "http://www.queenalice.com/game.php?id=1817947"]
[Date "2023.8.3"]
[Round "-"]
[White "Renie"]
[Black "ajr"]
[Result "0-1"]
[WhiteElo "1522"]
[BlackElo "1641"]

1. c4 c5 2. Nc3 Nf6 3. Nf3 d5 4. cxd5 Nxd5 5. Qb3 Nxc3 6. Qxc3 f6 7. Qxc5 a6 8.
e3 e5 9. Qc3 Nc6 10. a3 Bg4 11. Be2 g5 12. O-O h5 13. b4 e4 14. Nd4 Nxd4 15. Bd1
Ne2+ 16. Bxe2 Bxe2 17. Re1 Bd3 18. Bb2 Rh6 19. Rac1 b5 20. Qc7 Qxc7 21. Rxc7 Bc4
22. Rc6 Be7 23. Rc1 Kd7 24. R6xc4 bxc4 25. Rxc4 f5 26. d4 exd3 27. Rd4+ Rd6 28.
Bc1 Rxd4 29. exd4 Kc6 30. Bd2 Rd8 31. Kf1 Rxd4 32. Ke1 Kb5 33. Be3 Rc4 34. Kd2
f4 35. Ba7 Bf6 36. f3 Rc2+ 37. Kxd3 Rxg2 38. Ke4 Rxh2 39. Kf5 Bd8 40. Kg6 Ka4
41. Bd4 Kxa3 42. Bf6 Bxf6 43. Kxf6 Rg2 44. Kg6 h4 45. Kf6 h3 0-1

[Event "Challenge"]
[Site "http://www.queenalice.com/game.php?id=1818574"]
[Date "2023.8.12"]
[Round "-"]
[White "Renie"]
[Black "dejami"]
[Result "1/2-1/2"]
[WhiteElo "1439"]
[BlackElo "1735"]

1. c4 e5 2. Nc3 Bc5 3. a3 Qf6 4. e3 Qd8 5. Be2 c6 6. Nf3 f6 7. b4 Bf8 8. O-O g5
9. c5 Nh6 10. d4 Nf7 11. Nd2 d6 12. cxd6 Qxd6 13. Nc4 Qc7 14. Ne4 Qe7 15. Nc5 b6
16. Nd3 Qe6 17. Ndb2 b5 18. Nd2 g4 19. Ne4 f5 20. Nc5 Qe7 21. d5 Nd6 22. Qc2 h5
23. Bd3 e4 24. Be2 h4 25. dxc6 Nxc6 26. Nd1 Bg7 27. Rb1 a6 28. Nc3 Be6 29. Bb2
Bxc3 30. Qxc3 Rg8 31. Rfd1 Nc4 32. Bxc4 bxc4 33. Qf6 Qxf6 34. Bxf6 Bc8 35. b5
axb5 36. Rxb5 Rg6 37. Bxh4 Rxa3 38. Bg3 c3 39. Nb3 Be6 40. Bd6 Rxb3 41. Rc5 Na7
42. Rc7 Nc8 43. g3 Rb6 44. Ba3 Ra6 45. Bb4 c2 46. Rxc2 Rg7 47. h4 gxh3 48. Rcd2
Rd7 49. Kh2 Rxd2 50. Rxd2 Rb6 51. Bc3 Rb3 52. Bf6 Kf7 53. Bd4 Ne7 54. Kxh3 f4+
55. Kh4 fxe3 56. fxe3 Nf5+ 57. Kg5 Nxg3 58. Rf2+ Ke7 59. Bc5+ Kd7 60. Rg2 Nf1
61. Rf2 Nxe3 62. Kf4 Nd1 63. Kxe4 Nc3+ 64. Ke5 Rb5 65. Rd2+ Kc6 66. Rd6+ Kxc5
67. Kxe6 Rb1 68. Kd7 Rb7+ 69. Ke6 Ne4 70. Rd5+ Kc6 71. Re5 Nd6 72. Re1 Ne8 73.
Rc1+ Kb6 74. Kd5 Nf6+ 75. Ke5 Ng4+ 76. Kf4 Nf6 77. Rb1+ Ka7 78. Rxb7+ Kxb7 79.
Kf5 Nd7 80. Ke6 Kc7 81. Ke7 Kc6 82. Kd8 Nf6 83. Ke7 Nd5+ 84. Kf7 Kd6 85. Kf8 Kd7
86. Kf7 Kd6 87. Ke8 Nc7+ 88. Kd8 Ne6+ 89. Kc8 Kc6 90. Kb8 1/2-1/2

[Event "Challenge"]
[Site "http://www.queenalice.com/game.php?id=1819340"]
[Date "2023.8.22"]
[Round "-"]
[White "Renie"]
[Black "jenyasm"]
[Result "0-1"]
[WhiteElo "1511"]
[BlackElo "1613"]

1. c4 d6 2. Nc3 e5 3. g3 Be6 4. b3 Bd7 5. Bb2 Bc6 6. Nf3 Nf6 7. Bg2 g6 8. d3 Bg7
9. d4 exd4 10. Nb1 Nfd7 11. O-O O-O 12. Nxd4 Nf6 13. Nxc6 Nxc6 14. a3 Qe7 15. b4
Rae8 16. Bf3 Ne5 17. Bxe5 Qxe5 18. Re1 Qxa1 19. Bxb7 Qe5 20. Bf3 Nd7 21. Qa4 Nb6
22. Qxa7 Qe7 23. Nc3 Bxc3 24. Rc1 Be5 25. Bc6 Rb8 26. Qa6 Bg7 27. e3 Nc8 28. Kg2
Rb6 29. Qa4 Qf6 30. c5 dxc5 31. Bd5 c6 32. Bf3 cxb4 33. axb4 Ne7 34. Bd1 Rfb8
35. Rc4 Nd5 36. Bb3 Nxb4 37. Rf4 Qe5 38. Bxf7+ Kh8 39. Rh4 Qd6 40. Qb3 c5 41.
Re4 R8b7 42. Qe6 Qxe6 43. Bxe6 Rc7 44. Bc4 Rb8 0-1

[Event "Challenge"]
[Site "http://www.queenalice.com/game.php?id=1819341"]
[Date "2023.8.22"]
[Round "-"]
[White "Renie"]
[Black "Charles56"]
[Result "0-1"]
[WhiteElo "1499"]
[BlackElo "1680"]

1. c4 e5 2. Nc3 Nf6 3. d3 h6 4. a3 a6 5. Nf3 Nc6 6. g3 d5 7. cxd5 Nxd5 8. Nxd5
Be6 9. Ne3 Bc5 10. b4 Ba7 11. Bb2 f6 12. Nh4 Qd7 13. Ng6 Rh7 14. Ng2 Qf7 15.
N6h4 g5 16. Nf3 h5 17. e3 h4 18. gxh4 gxh4 19. h3 Qd7 20. Ngxh4 Bb6 21. Bg2
O-O-O 22. Rc1 Rdh8 23. Ng6 Rg8 24. Ngh4 Rhg7 25. Rg1 Bxh3 26. Kf1 Bxg2+ 27. Nxg2
Qh3 28. Qb3 Bxe3 29. Rc2 Qxf3 30. Nxe3 Rxg1# 0-1

[Event "Challenge"]
[Site "http://www.queenalice.com/game.php?id=1820073"]
[Date "2023.9.1"]
[Round "-"]
[White "Renie"]
[Black "Diogolopes"]
[Result "0-1"]
[WhiteElo "1470"]
[BlackElo "1700"]

1. c4 e6 2. Nc3 c6 3. a3 e5 4. d3 f5 5. b4 a5 6. Qa4 f4 7. b5 Qb6 8. Nf3 Bc5 9.
e3 Bxe3 10. fxe3 fxe3 11. Ke2 d6 12. Ne1 Qd4 13. Bb2 cxb5 14. Qxb5+ Nc6 15. Nd5
Qg4+ 16. Nf3 Ra7 17. h3 Qf5 18. g4 Qg6 19. Bxe5 dxe5 20. Nxe5 Qd6 21. Nf3 Bd7
22. c5 Qxd5 23. Rc1 Nd4+ 24. Nxd4 Bxb5 25. Rg1 Qxd4 26. Rd1 Ne7 27. Rg3 Nd5 28.
Bg2 Nc3+ 29. Ke1 e2 30. Rd2 Qg1+ 0-1

[Event "Challenge"]
[Site "http://www.queenalice.com/game.php?id=1820075"]
[Date "2023.9.1"]
[Round "-"]
[White "Renie"]
[Black "avieytoa"]
[Result "0-1"]
[WhiteElo "1476"]
[BlackElo "1808"]

1. c4 e5 2. Nc3 Nf6 3. d3 Bb4 4. Bd2 Nc6 5. g3 O-O 6. Bg2 a6 7. Nd5 Bxd2+ 8.
Qxd2 Nd4 9. e3 Nc6 10. Ne2 Nxd5 11. cxd5 Ne7 12. O-O d6 13. Nc3 b5 14. Rac1 Bb7
15. Rc2 b4 16. Ne2 a5 17. Rfc1 Rc8 18. d4 Bxd5 19. Bxd5 Nxd5 20. dxe5 dxe5 21.
e4 Nf6 22. f3 Qxd2 23. Rxd2 c5 24. b3 Rfe8 25. Rdc2 Nd7 26. Rd2 Nb6 27. Kg2 h6
28. Rd6 c4 29. Rxb6 cxb3 30. axb3 Rxc1 31. Nxc1 Rc8 32. Ne2 Rc2 33. Kf2 Rb2 34.
Rb5 Rxb3 35. Rxe5 a4 36. Re8+ Kh7 37. f4 a3 38. Ra8 Rb2 39. Kf3 a2 40. Rxa2 Rxa2
41. Nd4 Rxh2 42. e5 Kg6 43. Kg4 Rd2 44. Nf5 b3 45. Ne3 Rd4 46. Nf5 Rxf4+ 47.
Kxf4 b2 48. Ne7+ Kh7 49. Nd5 b1=Q 50. Ne3 g5+ 51. Kg4 Qe4+ 0-1

[Event "Challenge"]
[Site "http://www.queenalice.com/game.php?id=1820076"]
[Date "2023.9.1"]
[Round "-"]
[White "Renie"]
[Black "Charles56"]
[Result "0-1"]
[WhiteElo "1479"]
[BlackElo "1660"]

1. c4 e5 2. Nc3 Nf6 3. d3 Bb4 4. Bd2 a5 5. g3 Na6 6. Bg2 d5 7. cxd5 Bxc3 8. Bxc3
b6 9. d6 Ra7 10. Bxe5 cxd6 11. Bc3 Bb7 12. e4 Bc6 13. Ne2 h6 14. e5 Bxg2 15. Rg1
dxe5 16. Rxg2 Nc5 17. d4 exd4 18. Nxd4 Qe7+ 19. Ne2 O-O 20. b4 axb4 21. Bxb4 Re8
22. a3 Qe4 23. Rg1 Nd3+ 24. Kf1 Nxb4 25. Ke1 Nc2+ 26. Qxc2 Qxc2 0-1

[Event "Challenge"]
[Site "http://www.queenalice.com/game.php?id=1820077"]
[Date "2023.9.1"]
[Round "-"]
[White "Renie"]
[Black "jenyasm"]
[Result "0-1"]
[WhiteElo "1490"]
[BlackElo "1617"]

1. c4 e5 2. Nc3 d6 3. d3 Nf6 4. Nf3 h6 5. g3 Be7 6. Bg2 Nc6 7. a3 Bf5 8. Qc2 a6
9. O-O Qd7 10. b4 Bh3 11. Ne4 Bxg2 12. Kxg2 Nxe4 13. dxe4 O-O-O 14. Rd1 Qe6 15.
Qc3 g6 16. Bb2 g5 17. Rd3 g4 18. Nd2 h5 19. Nb3 h4 20. Rc1 hxg3 21. fxg3 Qh6 22.
Na5 Nxa5 23. bxa5 Rdf8 24. Rb1 f5 25. Bc1 Qh5 26. Be3 fxe4 27. Rdd1 Qxh2# 0-1

[Event "Challenge"]
[Site "http://www.queenalice.com/game.php?id=1820954"]
[Date "2023.9.17"]
[Round "-"]
[White "Renie"]
[Black "Diogolopes"]
[Result "1-0"]
[WhiteElo "1451"]
[BlackElo "1680"]

1. c4 d6 2. Nc3 c6 3. Nf3 f6 4. e3 e5 5. g3 Bg4 6. Bg2 Qe7 7. O-O e4 8. d4 Qe6
9. d5 Qe7 10. b3 Qd7 11. Nxe4 Qe7 12. Nc3 f5 13. Bb2 a6 14. b4 Nf6 15. dxc6 Nxc6
16. a3 b6 17. Qa4 Qb7 18. Ng5 Ne4 19. Ncxe4 fxe4 20. Bxe4 b5 21. Qb3 Qe7 22.
Bxc6+ Bd7 23. Bxa8 Qxg5 24. Bd4 bxc4 25. Qxc4 Bb5 26. Qc8+ Qd8 27. Qe6+ Be7 28.
Bxg7 Qxa8 29. Bxh8 Bxf1 30. Qg8+ Bf8 31. Qe6+ Be7 32. Bf6 Qb7 33. Rxf1 Qf3 34.
Qxe7# 1-0

[Event "Challenge"]
[Site "http://www.queenalice.com/game.php?id=1820956"]
[Date "2023.9.17"]
[Round "-"]
[White "Renie"]
[Black "marreta7"]
[Result "0-1"]
[WhiteElo "1473"]
[BlackElo "1654"]

1. c4 e5 2. Nc3 a6 3. a3 Bc5 4. Ne4 Ba7 5. b4 d6 6. g3 h6 7. Bb2 Nf6 8. Bg2 O-O
9. d3 Ng4 10. e3 Be6 11. Nd2 Qf6 12. Ne4 Qf5 13. Qe2 Nc6 14. Nf3 b5 15. Nh4 Qh7
16. h3 Nf6 17. Nxf6+ gxf6 18. Bxc6 Rab8 19. Bd5 Bxd5 20. cxd5 Rbc8 21. O-O c6
22. e4 cxd5 23. Nf5 dxe4 24. Ne7+ Kh8 25. Nxc8 Rxc8 26. Rad1 exd3 27. Rxd3 Bb8
28. Qe3 Qf5 29. Qxh6+ Kg8 30. Qd2 Qxh3 31. Rf3 Kg7 32. Qe2 Rh8 0-1

[Event "Challenge"]
[Site "http://www.queenalice.com/game.php?id=1822301"]
[Date "2023.10.4"]
[Round "-"]
[White "Renie"]
[Black "chyco"]
[Result "0-1"]
[WhiteElo "1454"]
[BlackElo "1485"]

1. c4 e5 2. Nc3 c6 3. a3 d6 4. Nf3 Be6 5. e3 c5 6. d3 a6 7. g3 g5 8. Bg2 Ra7 9.
h4 g4 10. Nd2 h5 11. Bd5 Bf5 12. Nce4 Nd7 13. f3 Nb6 14. Ng5 Nh6 15. e4 Bd7 16.
O-O f6 17. Ne6 Bxe6 18. Bxe6 Rh7 19. Nb3 Re7 20. Bxg4 hxg4 21. fxg4 Qc8 22. g5
fxg5 23. Qh5+ Nf7 24. Bxg5 Rd7 25. Qg6 Rc7 26. Rf2 Qh3 27. Bf6 Qe6 28. Qg8 Nd7
29. Bg7 Ra8 30. Qxf7+ Qxf7 31. Rxf7 Kxf7 32. Bxf8 Kxf8 33. Rf1+ Ke7 34. Rf5 Rf8
35. Rh5 Rf3 36. Kg2 Rf7 37. Rg5 Rc8 38. Nd2 Rcf8 39. Rf5 Nf6 40. Nf3 Ng4 41. Ng5
Ne3+ 42. Kh3 Rxf5 43. exf5 Rxf5 44. g4 Rf4 45. b4 Rxg4 46. bxc5 Rd4 47. cxd6+
Kxd6 48. Ne4+ Kc7 49. Nf2 Nc2 50. a4 Ne3 51. h5 Nf5 52. a5 Rh4+ 53. Kg2 Kc6 54.
Ne4 Rxh5 55. Nf6 Rg5+ 56. Kf3 Nd4+ 57. Ke4 Kc5 58. Nd5 Kd6 59. Nb6 Rg4+ 60. Ke3
Kc6 61. Kd2 Kc5 62. Ke3 Kb4 63. Nd7 Rg5 64. Ke4 Nc6 65. Nb6 Kxa5 66. c5 Kb5 67.
Nd7 a5 68. Ke3 a4 69. Kd2 Kb4 70. Ke3 a3 71. Kd2 a2 0-1

[Event "Challenge"]
[Site "http://www.queenalice.com/game.php?id=1823497"]
[Date "2023.10.21"]
[Round "-"]
[White "Renie"]
[Black "crisvolei"]
[Result "1-0"]
[WhiteElo "1451"]
[BlackElo "1561"]

1. c4 e5 2. Nc3 c6 3. d3 b5 4. cxb5 Bb4 5. Bd2 d5 6. bxc6 Qd6 7. Qa4 Nxc6 8. e3
d4 9. Ne4 Bxd2+ 10. Kxd2 dxe3+ 11. fxe3 Qd5 12. Nc3 Qa5 13. Qxc6+ Bd7 14. Qxa8+
Ke7 15. a3 e4 16. Qxe4+ Be6 17. b4 Qc7 18. Nd5+ Kd6 19. Nxc7 Kxc7 20. Rc1+ Kd8
21. Qa8+ Ke7 22. e4 f6 23. Qxa7+ Bd7 24. Qd4 Nh6 25. Qc5+ Kf7 26. Qh5+ Ke7 27.
Rc7 Ra8 28. Qb5 Kf7 29. Qxd7+ Kg6 30. Qxg7+ Kh5 31. Be2+ Ng4 32. Qxg4+ Kh6 33.
Qh5# 1-0